000 00503nam a2200181 4500
005 20211125021618.0
008 211125s1978 enga|||fr|||| 000 0 eng d
040 _aCENDOC CAAAP
_beng
_cCAAAP
041 _aeng
050 _aPM 609
_b.C23
245 _aA notebook for native language teachers /
_cCanada. Indian an Northern Affairs Canada
250 _a1ra. ed.
260 _aOttawa,
_c1978
300 _a80 p.
650 1 0 _94358
_aGramática
650 2 0 _9243
_aCultura
942 _2lcc
_b25 - 11 - 21
_cBK
999 _c2977
_d2977